| 000 | 00335nam a2200109Ia 4500 | ||
|---|---|---|---|
| 008 | 220122s9999||||xx |||||||||||||| ||und|| | ||
| 100 | _aManohar, V.R. and Chitaley, W.W. | ||
| 245 | 4 | _aThe Quinquennial Digest ;civil,criminal and revenue(1976-80) | |
| 260 |
_aBombay _bAll India Reporter _c1981 |
||
| 300 | _aVarious pagination | ||
| 942 | _cBK | ||
| 999 |
_c4586 _d4586 |
||